| 000 | 00591nam a2200229 a 4500 | ||
|---|---|---|---|
| 001 | BRCA_5571 | ||
| 005 | 20190320205133.0 | ||
| 008 | 180211s1929----sp-a######---#000-0#spa-# | ||
| 041 | _aspa | ||
| 044 | _asp | ||
| 050 | 4 |
_aN7112 _b.C35 1929 |
|
| 100 | 1 |
_aCamio, Pedro G. _914208 |
|
| 245 | 1 | 0 |
_aArtistas catalanes _cpor Pedro G. Camio. |
| 260 |
_aMadrid _bZ. Ascasibar _c1929 |
||
| 300 |
_a225 p. _bil. _c25 cm. |
||
| 440 | 0 |
_aBiblioteca Ascasibar _v2 _914209 |
|
| 500 | _aF46 | ||
| 650 | 1 | 4 |
_aArtistas catalanes _914210 |
| 650 | 1 | 4 |
_aArte _zEspaƱa _92064 |
| 902 | _aGFM | ||
| 942 |
_2lcc _cB |
||
| 999 |
_c5265 _d5265 |
||